000
00401nam a22001697a 4500
003
MPLRDC
005
20220104124230.0
008
210129b ||||| |||| 00| 0 eng d
082
_a
783.1 ZTYE
100
_a
黄勤带 译
245
_a
我的名字叫茱莉
_c
250
_a
初版
260
_a
_b
新中华出版社
_c
1985
300
_b
平
650
_a
日本传记
942
_c
BK
_o
783.1 ZTYE
999
_c
17685
_d
17675